| 000 | 00742nam a2200241Ia 4500 | ||
|---|---|---|---|
| 003 | OSt | ||
| 005 | 20220918222243.0 | ||
| 006 | a|||||r|||| 00| 0 | ||
| 007 | ta | ||
| 008 | 220917b |||||||| |||| 00| 0 eng d | ||
| 024 | _a216,251 | ||
| 037 | _cTextual | ||
| 040 |
_aARTS _cARTS _beng |
||
| 041 |
_2eng _aeng |
||
| 082 | _a2:7:(D65,8(B)), P2(2D) | ||
| 100 |
_aCurtis Donnelyn Ed. _9142647 |
||
| 245 | 0 |
_aAttracting, educating and serving remote users through the web _b a how-to-do-it manual for librarians |
|
| 260 |
_aLondon _bFacet publishing _c2002 |
||
| 300 |
_axvii, 267p _ccm. |
||
| 650 | _aLIBRARY SCIENCE | ||
| 942 |
_h2:7:(D65,8(B)), P2(2D) _cTEXL _2CC |
||
| 999 |
_c274995 _d274995 |
||